[Event "FRA-NLD"]
[Site "Cannes"]
[Date "1990.??.??"]
[Round "8"]
[White "Miralles, Gilles"]
[Black "Ligterink, Gert"]
[Result "1/2-1/2"]
[WhiteElo "2460"]
[BlackElo "2410"]

1.d4 Nf6 2.c4 e6 3.Nf3 b6 4.Nc3 Bb7 5.g3 Bb4 6.Qb3 c5 7.Bg2 cxd4 8.Qxb4 Na6
9.Qa3 dxc3 10.Qxc3 Nc5 11.O-O O-O 12.b3 d5 13.Rd1 Nce4 14.Qb2 Qe7 15.cxd5 Bxd5
16.Be3 Rac8 17.Bd4 Rc7 18.Ne1 Rfc8 19.f3 Nc5 20.Rac1 Ncd7 21.Nd3 Bb7 22.Rxc7 Rxc7
23.e4 h6 24.Rc1 Rxc1+ 25.Qxc1 Qd6 26.Qc3 Ne8 27.Qb4 Qxb4 28.Nxb4 Nd6 29.Kf2 f6
30.h4 h5 31.Bh3 Kf7 32.Nd3 Nf8 33.Bb2 e5 34.Nb4 Ne6 35.Ke3 Nc5 36.Nd5 Ne6
37.Nb4 Nc5 38.Nd5 Ne6 39.Nb4  1/2-1/2

[Event "JUG-chT Cetinje"]
[Site "Cetinje"]
[Date "1990.??.??"]
[Round "3"]
[White "Gligoric, Svetozar"]
[Black "Jukic, Mirko"]
[Result "1/2-1/2"]
[WhiteElo "2485"]
[BlackElo "2430"]

1.d4 Nf6 2.c4 e6 3.Nf3 b6 4.Nc3 Bb7 5.e3 Be7 6.Bd3 d5 7.O-O O-O 8.b3 c5 9.Bb2 cxd4
10.exd4 Nc6 11.Re1 Nb4 12.Bb1 Rc8 13.a3 Nc6 14.cxd5 Nxd5 15.Nxd5 Qxd5 16.Be4 Qh5
17.d5 exd5 18.Qxd5 Qxd5 19.Bxd5 Bd6 20.Rad1 Na5 21.Bxb7 Nxb7 22.Nd4 Rfe8
23.Nf5 Bf8 24.Rxe8 Rxe8 25.Kf1 Na5 26.Rd3 g6 27.Ne3 Bg7 28.Bxg7 Kxg7 29.b4 Nc6
30.Rc3 Nd4 31.a4 Re7 32.Rc8 Rd7 33.h4 h5 34.g3  1/2-1/2

[Event "Cheliabinsk-A"]
[Site "Cheliabinsk"]
[Date "1990.??.??"]
[Round "?"]
[White "Ganbaatar, Ishdagva"]
[Black "Vyzmanavin, Alexey"]
[Result "0-1"]
[WhiteElo "2255"]
[BlackElo "2585"]

1.d4 Nf6 2.Nf3 e6 3.c4 b6 4.Nc3 Bb7 5.Bf4 Bb4 6.Qb3 a5 7.a3 Bxc3+ 8.Qxc3 O-O
9.Bg5 d6 10.e3 Nbd7 11.Bd3 h6 12.Bh4 a4 13.Bc2 Ra5 14.Nd2 Qa8 15.f3 c5 16.O-O Rc8
17.b4 axb3 18.Qxb3 cxd4 19.exd4 d5 20.Bd3 dxc4 21.Bxc4 Bd5 22.Bxf6 Nxf6 23.Rfc1 Qc6
24.Qb2 Rca8 25.a4 Qd6 26.Bb5 Rd8 27.Rc2 Raa8 28.Rac1 Qf4 29.Nc4 Rab8 30.Ne5 Ba8
31.Rc4 h5 32.Bc6 h4 33.Qf2 Rbc8 34.g3 Qh6 35.Bxa8 Qxc1+ 36.Rxc1 Rxc1+ 37.Kg2 Rxa8
38.Qb2 Rac8 39.Qxb6 R8c2+ 40.Kh3 hxg3 41.Kxg3 g5 42.Kh3 Kg7 43.Qd8 Rc8 44.Qe7 R1c7
45.Qd6 Rc2  0-1

[Event "Dortmund-C"]
[Site "Dortmund"]
[Date "1990.??.??"]
[Round "?"]
[White "Miladinovic, Igor"]
[Black "Rigo, Janos"]
[Result "0-1"]
[WhiteElo "2360"]
[BlackElo "2385"]

1.d4 Nf6 2.c4 e6 3.Nf3 b6 4.Nc3 Bb7 5.a3 d5 6.cxd5 exd5 7.Bg5 Be7 8.e3 O-O
9.Be2 Nbd7 10.O-O Ne4 11.Bf4 Bd6 12.Bxd6 Nxd6 13.Rc1 c6 14.b4 b5 15.a4 a5
16.Qb3 bxa4 17.Nxa4 Ba6 18.Bxa6 Rxa6 19.bxa5 Nc4 20.Nb2 Nxa5 21.Qc3 Qa8 22.Nd2 Nb7
23.Nd3 Ra3 24.Qc2 Ra2 25.Qd1 Na5 26.Ra1 Nc4 27.Nxc4 Rxa1 28.Qxa1 dxc4 29.Nb4 c5
30.dxc5 Nxc5 31.h3 Nb3 32.Qc3 Rd8 33.Re1 Qe4 34.Re2 h5 35.Rc2 Rc8 36.f3 Qe6
37.e4 Qb6+ 38.Kh2 Qd6+ 39.e5 Qc5 40.f4 Nd4 41.Rd2 Nb5 42.Qf3 c3 43.Nd3 Nd4
44.Qb7 Qc4  0-1

[Event "Dortmund-C"]
[Site "Dortmund"]
[Date "1990.??.??"]
[Round "?"]
[White "Janovsky, Sergey"]
[Black "Rigo, Janos"]
[Result "1/2-1/2"]
[WhiteElo "2385"]
[BlackElo "2385"]

1.d4 Nf6 2.c4 e6 3.Nf3 b6 4.Nc3 Bb7 5.a3 d5 6.cxd5 exd5 7.Bg5 Be7 8.e3 O-O
9.Be2 Ne4 10.Bf4 Nxc3 11.bxc3 Nd7 12.O-O Nf6 13.Ne5 Ne4 14.Qc2 f6 15.Nf3 Bd6
16.Bxd6 cxd6 17.Nd2 Qc7 18.Nxe4 dxe4 19.Qb3+ Kh8 20.c4  1/2-1/2

[Event "Frankfurt"]
[Site "Frankfurt"]
[Date "1990.??.??"]
[Round "?"]
[White "Kozul, Zdenko"]
[Black "Zude, Arno"]
[Result "1-0"]
[WhiteElo "2575"]
[BlackElo "2325"]

1.d4 Nf6 2.Nf3 e6 3.c4 b6 4.Nc3 Bb7 5.a3 d5 6.cxd5 Nxd5 7.e3 Be7 8.Bb5+ c6
9.Bd3 O-O 10.Qc2 h6 11.O-O Nd7 12.Rd1 Rc8 13.Ne4 c5 14.dxc5 Nxc5 15.Nxc5 Rxc5
16.Qe2 Qb8 17.g3 Qa8 18.Ne1 Rcc8 19.e4 Nf6 20.f3 Bc5+ 21.Kg2 Rfd8 22.Bf4 Bd4
23.Rd2 Rd7 24.Rad1 Rcd8 25.Bb5 Bc6 26.Bxc6 Qxc6 27.Nd3 Qb5 28.Nb4 Qxe2+ 29.Rxe2 Bc5
30.Rxd7 Rxd7 31.Na6 Bd4 32.Nb8 Rb7 33.Nc6 Bc5 34.Rd2 b5 35.Rd8+ Kh7 36.b4 Bb6
37.Rf8 Ng8 38.g4 Kh8 39.h4 Kh7 40.h5 f6 41.Bd6 Rd7 42.e5 Bc7 43.Nb8 Rd8 44.Rxg8 Kxg8
45.Bxc7 Rd3 46.exf6 gxf6 47.Ba5 Rxa3 48.Nc6 a6 49.Nb8 f5 50.gxf5 exf5 51.Nxa6 Kf7
52.Kg3 Kf6 53.Nc7 Kg5 54.Ne6+ Kf6 55.Nf4 Rb3 56.Bb6 Ra3 57.Bd4+ Kg5 58.Bc5 Kf6
59.Nd5+ Ke5 60.Ne7 Rc3 61.Nc6+ Kd5 62.Nd4  1-0

[Event "Troll Masters"]
[Site "Gausdal"]
[Date "1990.??.??"]
[Round "4"]
[White "Gausel, Einar"]
[Black "Schussler, Harry"]
[Result "1/2-1/2"]
[WhiteElo "2440"]
[BlackElo "2490"]

1.d4 Nf6 2.Nf3 e6 3.c4 b6 4.Nc3 Bb7 5.Bg5 Be7 6.e3 h6 7.Bh4 Ne4 8.Bxe7 Qxe7
9.Qc2 Nxc3 10.Qxc3 O-O 11.Bd3 c5 12.O-O Bxf3 13.gxf3 cxd4 14.Qxd4 Nc6 15.Qc3 Rac8
16.Kh1 Qb4 17.Qxb4 Nxb4 18.Be2 Rc7 19.Rfd1 Rfc8 20.h4 Kf8 21.f4 Nc6 22.Rd2 Ne7
23.Rad1 Ke8 24.b3 Ng8 25.Bf3 Nf6 26.Kh2 Ke7 27.Kh3 Rc5 28.e4 Rd8  1/2-1/2

[Event "GEO-ch (Women)"]
[Site "?"]
[Date "1990.??.??"]
[Round "4"]
[White "Gurieli, Nino"]
[Black "Alexandria, Nana"]
[Result "1/2-1/2"]
[WhiteElo "2340"]
[BlackElo "2360"]

1.c4 b6 2.d4 Nf6 3.Nc3 e6 4.Nf3 Bb7 5.Bg5 Be7 6.e3 O-O 7.Bd3 c5 8.O-O d6
9.Qe2 Nbd7 10.Rad1 Rc8 11.dxc5  1/2-1/2

[Event "BL2-SW8990"]
[Site "Germany"]
[Date "1990.??.??"]
[Round "?"]
[White "Burkart, Patrick"]
[Black "Kohlweyer, Bernd"]
[Result "0-1"]
[WhiteElo "2270"]
[BlackElo "2395"]

1.d4 Nf6 2.c4 e6 3.Nf3 b6 4.Nc3 Bb7 5.a3 d5 6.cxd5 Nxd5 7.Qa4+ Nd7 8.Nxd5 Bxd5
9.Bf4 Bd6 10.Bg3 O-O 11.e3 a6 12.Bd3 h6 13.Qc2 Bxg3 14.hxg3 c5 15.Bh7+ Kh8
16.Be4 Nf6 17.Bxd5 Qxd5 18.dxc5 Rfc8 19.Rd1 Qxc5 20.Qxc5 Rxc5 21.Rh4 Rac8
22.Rhd4 a5 23.Rd8+ Rxd8 24.Rxd8+ Kh7 25.Nd4 e5 26.Ne2 Rb5 27.Rd2 Ne4 28.Rc2 Nc5
29.Kd2 Kg6 30.f3 f5 31.Nc1 e4 32.Ne2 Nd3 33.Nf4+ Nxf4 34.exf4 exf3 35.gxf3 Rb3
36.Ke2 Kh5 37.Kf2 g5 38.fxg5 Kxg5 39.Kg2 h5 40.Rf2 f4 41.Rd2 fxg3 42.Kxg3 h4+
43.Kg2 Kf5 44.Re2 b5 45.Kf2 a4 46.Kg2 Rd3 47.Kf2 Rd5 48.Kg2 Rd4 49.Kh3 Kf4
50.Rc2 Rd3 51.Kxh4 Kxf3 52.Kg5 Ke3 53.Rh2 Kd4 54.Rh4+ Kc5 55.Kf5 Rd2 56.b4+ axb3
57.Rb4 Rd3 58.Ke6 b2 59.Rxb2 Rxa3 60.Rc2+ Kd4 61.Rh2 Re3+ 62.Kd6 b4 63.Kc6 Re5
64.Rh4+ Kc3 65.Kd6 Rg5  0-1

[Event "NRW-Liga I 8990"]
[Site "Germany"]
[Date "1990.??.??"]
[Round "?"]
[White "Starke, Dieter"]
[Black "Von Gleich, Alexander"]
[Result "0-1"]
[WhiteElo "2305"]
[BlackElo "2280"]

1.d4 Nf6 2.c4 e6 3.Nf3 b6 4.Nc3 Bb7 5.a3 d5 6.cxd5 Nxd5 7.e3 g6 8.Bb5+ c6
9.Bd3 Bg7 10.O-O Nxc3 11.bxc3 O-O 12.Qe2 c5 13.Bb2 Nc6 14.Rad1 Qe7 15.e4 Rfd8
16.Bb1 Rac8 17.Rfe1 Na5 18.Ba2 Rc7 19.h3 Rdc8 20.Kh2 cxd4 21.Nxd4 Nc4 22.Bxc4 Rxc4
23.e5 a6 24.Rd3 Bd5 25.f4 Qc7 26.h4 f5 27.g4 fxg4 28.Qxg4 Qf7 29.Rg3 Bh6
30.f5 exf5 31.Nxf5 Kh8 32.Nxh6 Qf2+ 33.Rg2 Bxg2  0-1

[Event "SWE-ch"]
[Site "Gothenburg"]
[Date "1990.??.??"]
[Round "?"]
[White "Wessman, Richard"]
[Black "Brynell, Stellan"]
[Result "1-0"]
[WhiteElo "2505"]
[BlackElo "2430"]

1.d4 Nf6 2.c4 e6 3.Nf3 b6 4.Nc3 Bb4 5.Bg5 h6 6.Bh4 Bb7 7.e3 Bxc3+ 8.bxc3 d6
9.Nd2 Nbd7 10.f3 Qe7 11.e4 g5 12.Bf2 e5 13.Be2 Nh5 14.Nf1 Nf4 15.Ne3 Nxe2
16.Qxe2 O-O-O 17.a4 a5 18.O-O Ba6 19.Qb2 Qe6 20.Rfd1 g4 21.Nxg4 Bxc4 22.Ne3 Ba6
23.Nf5 d5 24.Qc2 Bb7 25.exd5 Bxd5 26.c4 Bb7 27.d5 Qe8 28.c5 Nxc5 29.Bxc5 bxc5
30.Qxc5 Qd7 31.Ne7+ Kb8 32.Rab1 Qxa4 33.Nc6+ Kc8 34.Nxd8 Rxd8 35.Qa7  1-0

[Event "Hamburg-ch"]
[Site "Hamburg"]
[Date "1990.??.??"]
[Round "?"]
[White "Stanke, Juergen"]
[Black "Rhodin, Christian"]
[Result "0-1"]
[WhiteElo "2270"]
[BlackElo "2255"]

1.Nf3 Nf6 2.c4 b6 3.d4 e6 4.Nc3 Bb4 5.Bg5 Bb7 6.e3 h6 7.Bh4 Bxc3+ 8.bxc3 d6
9.Nd2 Nbd7 10.f3 Qe7 11.Be2 O-O-O 12.e4 g5 13.Bf2 Nh5 14.g3 f5 15.O-O Nhf6
16.exf5 exf5 17.Bd3 f4 18.Bf5 Kb8 19.Re1 Qg7 20.d5 Ne5 21.Bd4 Rde8 22.Bxe5 dxe5
23.Ne4 Nxe4 24.Bxe4 Qe7 25.Kg2 Qc5 26.Qa4 h5 27.Qb4 Qxb4 28.cxb4 g4 29.gxf4 exf4
30.Rad1 Bc8 31.Kf2 Reg8 32.Rg1 Re8 33.d6 cxd6 34.Rxd6 h4 35.Rf6 g3+ 36.hxg3 fxg3+
37.Kg2 Reg8 38.Rg6 Rxg6 39.Bxg6 Rg8 40.Bh5 h3+ 41.Kh1 Bb7  0-1

[Event "Capablanca mem-B"]
[Site "Havana"]
[Date "1990.??.??"]
[Round "?"]
[White "Pecorelli Garcia, Humberto"]
[Black "Shneider, Aleksandr"]
[Result "0-1"]
[WhiteElo "2350"]
[BlackElo "2485"]

1.d4 Nf6 2.Nf3 e6 3.c4 b6 4.Nc3 Bb4 5.Bd2 Bb7 6.e3 O-O 7.Rc1 Be7 8.Bd3 c5
9.O-O d5 10.cxd5 exd5 11.Ne5 Nc6 12.Nxc6 Bxc6 13.f3 Re8 14.Be1 Bd6 15.Bf2 Qc7
16.h3 Qd7 17.Qd2 cxd4 18.exd4 Nh5 19.Ne2 g6 20.g4 Ng7 21.Rc3 Rac8 22.Rfc1 Bb7
23.Rxc8 Rxc8 24.Rxc8+ Qxc8 25.Bg3 Bxg3 26.Nxg3 Ba6 27.Bxa6 Qxa6 28.b3 Qc8
29.Ne2 Ne6 30.Nf4 Qc7 31.Nxe6 Qg3+ 32.Qg2 Qe1+ 33.Qf1 Qxe6 34.Kf2 Qd6 35.Kg2 Qf4
36.Qd3 h5 37.Qd1 Kg7 38.b4 hxg4 39.fxg4 Qe4+ 40.Kg3 Qe3+ 41.Kg2 Qf4 42.Kh1 Qf2
43.a4 Qe3 44.Kg2 f6 45.h4 a5 46.Kh2 Qf2+ 47.Kh3 g5 48.hxg5 fxg5 49.Qd3 Qh4+
50.Kg2 Qxg4+ 51.Kh2 Qf4+ 52.Kg1 Kf6 53.Qc3 Kf5 54.Qc8+ Ke4 55.Qe6+ Kd3 56.Qg6+ Qe4
57.Qxg5 Qe3+  0-1

[Event "FIN-ch"]
[Site "Helsinki"]
[Date "1990.??.??"]
[Round "7"]
[White "Lindstedt, Johan"]
[Black "Raaste, Eero J"]
[Result "0-1"]
[WhiteElo "2285"]
[BlackElo "2380"]

1.d4 Nf6 2.c4 e6 3.Nf3 b6 4.Nc3 Bb7 5.a3 d5 6.Qa4+ c6 7.cxd5 exd5 8.g3 Bd6
9.Bg5 O-O 10.Bh3 h6 11.Bxf6 Qxf6 12.O-O b5 13.Qc2 a5 14.Bg2 b4 15.axb4 axb4
16.Rxa8 Bxa8 17.Na4 Nd7 18.Bh3 Qe7 19.Bxd7 Qxd7 20.Nb6 Qb7 21.Nxa8 Rxa8 22.Rc1 Rc8
23.Qf5 c5 24.dxc5 Rxc5 25.Rxc5 Bxc5 26.e3 Be7 27.b3 Bf6 28.Qf4 Bc3 29.Nh4 Qd7
30.Nf5 Qe6 31.g4 Kh7 32.h3 d4 33.exd4 Qxb3 34.Qe5 f6 35.Qe7 Qg8 36.h4 b3
37.h5 b2 38.Qe4 Kh8 39.Ne7 Qb8 40.Qb1 Qa8 41.Kh2 Bxd4 42.Ng6+ Kg8 43.f4 Qa1
44.Ne7+ Kf7 45.Qg6+ Kf8 46.Qf5 Qg1+ 47.Kh3 Qf1+ 48.Kg3 Bf2+ 49.Kf3 Be1+  0-1

[Event "JUG-sf"]
[Site "Kladovo"]
[Date "1990.??.??"]
[Round "13"]
[White "Ristic, Nebojsa"]
[Black "Pavlovic, Milos"]
[Result "1/2-1/2"]
[WhiteElo "2315"]
[BlackElo "2420"]

1.Nf3 Nf6 2.d4 e6 3.c4 b6 4.Nc3 Bb4 5.Bg5 Bb7 6.e3 h6 7.Bh4 Bxc3+ 8.bxc3 d6
9.Bd3 Nbd7 10.O-O Qe7 11.Nd2 g5 12.Bg3 h5 13.f4 h4 14.Be1 gxf4 15.exf4  1/2-1/2

[Event "Leningrad it"]
[Site "Leningrad"]
[Date "1990.??.??"]
[Round "?"]
[White "Anastasian, Ashot"]
[Black "Emms, John M"]
[Result "0-1"]
[WhiteElo "2475"]
[BlackElo "2430"]

1.d4 Nf6 2.Nf3 e6 3.c4 b6 4.Nc3 Bb4 5.Bg5 h6 6.Bh4 g5 7.Bg3 Ne4 8.Qc2 Bb7
9.Nd2 Bxc3 10.bxc3 Nxg3 11.hxg3 d6 12.g4 Nd7 13.f3 Qe7 14.e3 Nf6 15.a4 a5
16.Bd3 h5 17.Ne4 h4 18.Rb1 Nxe4 19.Bxe4 d5 20.Bd3 dxc4 21.Bxc4 O-O-O 22.Kf2 Kb8
23.Bd3 e5 24.Qd2 Qd6 25.Bf5 exd4 26.cxd4 Qg3+ 27.Kg1 h3 28.Qf2 h2+ 29.Kf1 Ba6+
30.Ke1 Qd6 31.Qd2 Qg3+ 32.Qf2 Qd6 33.Be4 Qa3 34.Qd2 Qxa4 35.Kf2 Bb7 36.Kg3 Bxe4
37.fxe4 Qe8 38.Qc2 Qe6 39.Rb5 f6 40.e5 fxe5 41.Rxe5 Qh6 42.Rf5 Rdf8 43.Qe4 a4
44.Qd5 a3 45.Kf3 Qd6 46.Qa2 Qb4 47.Ke4 Qb2  0-1

[Event "Lyon op"]
[Site "Lyon"]
[Date "1990.??.??"]
[Round "?"]
[White "Roeder, Mathias"]
[Black "Polaczek, Richard"]
[Result "1-0"]
[WhiteElo "2450"]
[BlackElo "2420"]

1.d4 Nf6 2.c4 e6 3.Nf3 b6 4.Nc3 Bb4 5.Bg5 h6 6.Bxf6 Qxf6 7.Rc1 Bb7 8.e3 Bxf3
9.Qxf3 Qxf3 10.gxf3 Nc6 11.Bd3 e5 12.dxe5 Nxe5 13.Be4 c6 14.a3 Be7 15.Ke2 O-O
16.Rhd1 Rad8 17.Bd3 a6 18.f4 Ng4 19.Bf5 Nf6 20.Na4 g6 21.Bh3 b5 22.cxb5 cxb5
23.Nc5 a5 24.Nb7 Ra8 25.Bxd7 Nxd7 26.Rxd7 Bf6 27.Rc5 Bxb2 28.Rxb5 Bxa3 29.Rxa5 Rxa5
30.Nxa5 Rc8 31.Nb7 Rc2+ 32.Kf3 Kf8 33.Na5 Be7 34.Nb3 Rb2 35.Nd2 Bh4 36.Rd4 Kg7
37.Ke2 Bf6 38.Rd3 Bh4 39.Rd7 Kf8 40.Kf3 Ke8 41.Rd4 f5 42.Ke2 Ra2 43.Rd6 Kf7
44.h3 Be7 45.Rb6 Bh4 46.Rb7+ Ke6 47.f3 Bf6 48.Kd3 Ra1 49.Nb3 Rh1 50.Nc5+ Kd5
51.Nd7 Kc6 52.Rb6+ Kxd7 53.Rxf6 Rg1 54.Ke2 Ke7 55.Kf2 Kxf6 56.Kxg1 g5 57.fxg5+ Kxg5
58.Kg2 h5 59.Kg3 h4+ 60.Kg2 Kf6 61.f4  1-0

[Event "Melbourne Masters"]
[Site "Melbourne"]
[Date "1990.??.??"]
[Round "3"]
[White "Johansen, Darryl K"]
[Black "West, Guy"]
[Result "1/2-1/2"]
[WhiteElo "2420"]
[BlackElo "2330"]

1.c4 Nf6 2.Nf3 e6 3.d4 b6 4.Nc3 Bb4 5.Qc2 Bb7 6.a3 Bxc3+ 7.Qxc3 O-O 8.e3 c5
9.dxc5 bxc5 10.Be2 d6 11.b4 Nbd7 12.Bb2 Qe7 13.O-O e5 14.Nd2 Rfe8 15.b5 a6
16.a4 d5 17.cxd5 Nxd5 18.Qb3 axb5 19.axb5 N5b6 20.f3 Bd5 21.Qc3 Na4 22.Qc2 Qg5
23.Ra3 Nxb2 24.Qxb2 Rxa3 25.Qxa3 h5 26.Bc4 Nb6 27.Bxd5 Nxd5 28.Re1 Nb4 29.Qc3 Rb8
30.Ne4 Qe7 31.Qxc5 Qxc5 32.Nxc5 Rxb5 33.Rb1 Rxc5  1/2-1/2

[Event "Moscow (Women)"]
[Site "Moscow"]
[Date "1990.??.??"]
[Round "?"]
[White "Litinskaya, Marta I"]
[Black "Kasoshvili, Tsiala"]
[Result "1-0"]
[WhiteElo "2355"]
[BlackElo "2165"]

1.d4 Nf6 2.c4 e6 3.Nf3 b6 4.Nc3 Bb7 5.a3 d5 6.cxd5 exd5 7.Bg5 Be7 8.Qa4+ c6
9.g3 O-O 10.Bg2 Nbd7 11.O-O Ne4 12.Bf4 Nxc3 13.bxc3 b5 14.Qb3 Nb6 15.Ne5 a6
16.Rfe1 c5 17.dxc5 Bxc5 18.Nd3 Be7 19.Be3 Nc4 20.Bd4 Nd2 21.Qb2 Nc4 22.Qb3 Nd2
23.Qc2 Ne4 24.a4 Qc7 25.axb5 axb5 26.Qb2 Bc6 27.Nb4 Bb7 28.e3 Rfc8 29.Rxa8 Rxa8
30.Ra1 h5 31.Rxa8+ Bxa8 32.Qc2 Qb7 33.Qe2 g6 34.Qa2 Bd6 35.Bf1 Be7 36.Bg2 Bf8
37.Qa5 Be7 38.Qa1 Bf8 39.Qa5 Be7 40.Nd3 Qc6 41.Ne5 Qb7 42.Nd7 Qc6 43.Bf1 Nd6
44.Nb8 Qb7 45.Na6 Nc4 46.Qa2 Qc8 47.Nb4 Bb7 48.Bg2 Bxb4 49.cxb4 Qa8 50.Qxa8+ Bxa8
51.Kf1 Kf8 52.Bc5+ Ke8 53.Ke2 Kd7 54.Kd3 Ne5+ 55.Kd4 Nc6+ 56.Kc3 Nd8 57.Bf1 Bc6
58.Bd3 Ne6 59.f4 f5 60.h3 Nd8 61.Be2 Ke6 62.Bb6 Nb7 63.Kd4 Nd6 64.Kc5 Kd7
65.Ba7 Ne4+ 66.Kb6 Nd6 67.Bb8 Nc4+ 68.Kc5 Nxe3 69.Be5 Nc4 70.Bf3 Ne3 71.Bd4 Nc2
72.Bc3 Ne3 73.Be1 Kc7 74.Bf2 Nc2 75.Be2 d4 76.Bxd4 Nxd4 77.Kxd4 Kd6 78.Bf1 Be8
79.Bg2 Bf7 80.Bf1 Be8 81.Be2 Bd7 82.Bd1 Be6 83.Ke3 Kd7 84.Bf3 Kd6 85.Be2 Bd7
86.Kd4 Be8 87.Bd1 Bf7 88.g4 fxg4 89.hxg4 h4 90.Ke3 Bd5 91.Kf2 g5 92.fxg5 Ke5
93.Bf3 Be6 94.Bc6 Kf4 95.g6 Kxg4 96.Bxb5 Kg5 97.Be8 Kf6 98.Kg2 Bf5 99.Kh2 Bc8
100.b5 Kg7 101.b6 Kf8 102.Bd7 Bb7 103.Be6 Kg7 104.Bf5 Kf6 105.Kh3 Ke7 106.Kxh4 Kd6
107.Kg5 Bd5 108.g7 Bg8 109.Kf6 Kc6 110.Be6 Bh7 111.Kg5 Kxb6 112.Kh6  1-0

[Event "Moscow op"]
[Site "Moscow"]
[Date "1990.??.??"]
[Round "?"]
[White "Baikov, Vladimir A"]
[Black "Vyzmanavin, Alexey"]
[Result "0-1"]
[WhiteElo "2360"]
[BlackElo "2585"]

1.d4 Nf6 2.c4 e6 3.Nf3 b6 4.Nc3 Bb4 5.Bg5 Bb7 6.e3 h6 7.Bh4 g5 8.Bg3 Ne4
9.Qc2 Bxc3+ 10.bxc3 Nxg3 11.hxg3 Nc6 12.Rb1 Qe7 13.c5 h5 14.Be2 Na5 15.Nd2 Bxg2
16.Rxh5 O-O-O 17.cxb6 axb6 18.Rxh8 Rxh8 19.Bf3 Bxf3 20.Nxf3 Qf6 21.Ke2 Nc4
22.Qa4 d5 23.Nxg5 Kb7 24.Nf3 Qf5 25.Rg1 Nb2 26.Qb3 Qd3+ 27.Ke1 Nc4 28.Qd1 Qxc3+
29.Kf1 Ra8 30.Qb3 Qa1+ 31.Kg2 Qxa2 32.Qxa2 Rxa2  0-1

[Event "Muenster op"]
[Site "Muenster"]
[Date "1990.??.??"]
[Round "2"]
[White "Beckmann, K."]
[Black "Aseev, Konstantin N"]
[Result "0-1"]
[WhiteElo "2280"]
[BlackElo "2545"]

1.d4 Nf6 2.Nf3 e6 3.c4 b6 4.Nc3 Bb7 5.a3 d5 6.Bg5 Be7 7.Bxf6 Bxf6 8.cxd5 exd5
9.g3 O-O 10.Bg2 c5 11.O-O Na6 12.Rb1 Qe7 13.e3 Rfd8 14.Qa4 Nc7 15.Rfd1 Rd6
16.b4 c4 17.Qc2 b5 18.Re1 Re8 19.Re2 Rdd8 20.Rbe1 a5 21.e4 axb4 22.exd5 Qf8
23.axb4 Rxe2 24.Rxe2 Bxd5 25.Qf5 Be6 26.Qb1 Bg4 27.Ne4 Bxd4 28.Neg5 g6 29.Qe4 Bxf3
30.Qxf3 Bg7 31.Ra2 c3 32.h4 h6 33.Ne4 Nd5 34.Ra7 c2  0-1

[Event "Wch U26"]
[Site "Odessa"]
[Date "1990.??.??"]
[Round "8"]
[White "Fioramonti, Hung"]
[Black "Pieniazek, Andrzej"]
[Result "1/2-1/2"]
[WhiteElo "2355"]
[BlackElo "2245"]

1.Nf3 Nf6 2.c4 e6 3.d4 b6 4.Nc3 Bb7 5.a3 d5 6.cxd5 Nxd5 7.Qc2 Be7 8.Nxd5 Bxd5
9.e4 Bb7 10.Bb5+ c6 11.Bc4 O-O 12.O-O c5 13.Be3 Nd7  1/2-1/2

[Event "Orange op"]
[Site "Orange"]
[Date "1990.??.??"]
[Round "3"]
[White "Legky, Nikolay A"]
[Black "Thierry, Patrice"]
[Result "1-0"]
[WhiteElo "2455"]
[BlackElo "2090"]

1.d4 Nf6 2.c4 e6 3.Nf3 b6 4.Nc3 Bb7 5.a3 d5 6.cxd5 exd5 7.Bf4 Bd6 8.Bg3 a6
9.e3 Qe7 10.Bd3 Nbd7 11.Bh4 Qe6 12.Qc2 Ne4 13.O-O-O Rc8 14.Bxe4 dxe4 15.d5 Bxd5
16.Nd4 Qg4 17.Nxd5 Qxh4 18.Nf5 Qd8 19.Nxg7+ Kf8 20.Nf5 Nc5 21.Kb1 Nd3 22.f3 Be5
23.fxe4 Nxb2 24.Nxb6 Nxd1 25.Rxd1 Qxd1+ 26.Qxd1 Rb8 27.Qd5 Rxb6+ 28.Kc2 Re6
29.Qa8+ Re8 30.Qxa6 Re6 31.Qa8+ Re8 32.Qc6 Re6 33.Qc5+ Bd6 34.Qd5 Be5 35.a4 Rg8
36.g3 Rgg6 37.a5 Rc6+ 38.Kd3 Rc3+ 39.Ke2 Re6 40.Kf3 Ke8 41.a6 Ra3 42.Qb5+ Kd8
43.a7  1-0

[Event "RLPF-chB"]
[Site "Polch"]
[Date "1990.??.??"]
[Round "?"]
[White "Schumacher, Olaf"]
[Black "Masendorf, Daniel"]
[Result "1-0"]
[WhiteElo "2175"]
[BlackElo "1620"]

1.d4 Nf6 2.Nf3 e6 3.c4 b6 4.Nc3 d5 5.Bg5 c6 6.e3 Be7 7.Bd3 dxc4 8.Bxc4 Ba6
9.Bxa6 Nxa6 10.Qa4 Nb8 11.Ne5 b5 12.Qc2 h6 13.Bh4 g5 14.Bg3 Nd5 15.Nxd5 cxd5
16.O-O O-O 17.f4 Nd7 18.f5 Nxe5 19.Bxe5 Rc8 20.Qd3 Qe8 21.f6 Bd8 22.h4 Qc6
23.hxg5 Qc4 24.Qd2 Qc2 25.Qxc2 Rxc2 26.Rf2 Rxf2 27.Kxf2 hxg5 28.Rh1 Bb6 29.Rh5 Rc8
30.Rxg5+ Kf8 31.Bd6+ Ke8 32.Rg8+ Kd7 33.Rxc8 Kxc8 34.g4 Kd7 35.Be5 Ba5 36.Ke2 Bb4
37.g5 Ke8 38.a3 Ba5 39.b4 Bd8 40.Bd6 a6 41.Kf3 Kd7 42.g6 fxg6 43.f7 Be7 44.f8=Q Bxf8
45.Bxf8 Ke8 46.Bd6 Kf7 47.Kg4  1-0

[Event "Prague Mladi op"]
[Site "Prague"]
[Date "1990.??.??"]
[Round "2"]
[White "Ikonnikov, Vyacheslav"]
[Black "Krzywicki, Dariusz"]
[Result "1-0"]
[WhiteElo "2385"]
[BlackElo "2265"]

1.d4 Nf6 2.Nf3 e6 3.c4 b6 4.Nc3 Bb4 5.Bd2 Bb7 6.g3 O-O 7.Bg2 d6 8.O-O Nbd7
9.Rc1 Bxc3 10.Bxc3 Ne4 11.d5 Ndf6 12.Bxf6 Nxf6 13.Nd4 e5 14.Nb5 a6 15.Nc3 Qe7
16.e4 Bc8 17.Qd2 Bd7 18.f4 b5 19.b3 c5 20.dxc6 Bxc6 21.fxe5 Qxe5 22.Nd5 Bxd5
23.exd5 Rfe8 24.Qf4 h6 25.Qxe5 Rxe5 26.b4 bxc4 27.Rxc4 a5 28.b5 Rb8 29.a4 Nxd5
30.Bxd5 Rxd5 31.Rc7 f6 32.Ra7 Rc8 33.Rxa5 Rd2 34.Rf2 Rd1+ 35.Kg2 Rb1 36.Ra6 d5
37.b6 Kh7 38.a5 Kg6 39.Ra7 Rcc1 40.Rd7 Rc5 41.Ra2 Rcb5 42.Kh3 f5 43.a6 f4
44.a7  1-0

[Event "Vysehrad-B"]
[Site "Prague"]
[Date "1990.??.??"]
[Round "8"]
[White "Mozny, Milos"]
[Black "Tichy, Vladimir"]
[Result "1/2-1/2"]
[WhiteElo "2375"]
[BlackElo "2380"]

1.d4 Nf6 2.Nf3 e6 3.c4 b6 4.Nc3 Bb7 5.e3 d5 6.cxd5 exd5 7.Be2 Be7 8.O-O O-O
9.b3 Na6 10.Bb2 c5  1/2-1/2

[Event "Reykjavik op"]
[Site "Reykjavik"]
[Date "1990.??.??"]
[Round "1"]
[White "Bergsson, Snorri"]
[Black "Arnason, Jon L"]
[Result "0-1"]
[WhiteElo "2230"]
[BlackElo "2500"]

1.d4 Nf6 2.c4 e6 3.Nf3 b6 4.Nc3 Bb4 5.Bg5 Bb7 6.e3 Bxc3+ 7.bxc3 d6 8.Nd2 Nbd7
9.f3 h6 10.Bh4 Qe7 11.Bd3 e5 12.O-O exd4 13.Bxf6 Nxf6 14.Qa4+ Kf8 15.Rae1 dxe3
16.Ne4 Nd7 17.Ng3 g6 18.f4 Nc5 19.Qd1 f5 20.Bc2 Re8 21.Ba4 Nxa4 22.Qxa4 h5
23.h4 Rh7 24.Ne2 Qxh4 25.Qxa7 Be4  0-1

[Event "Reykjavik op"]
[Site "Reykjavik"]
[Date "1990.??.??"]
[Round "6"]
[White "Bergsson, Snorri"]
[Black "Sokolov, Andrei"]
[Result "0-1"]
[WhiteElo "2230"]
[BlackElo "2585"]

1.d4 Nf6 2.c4 e6 3.Nf3 b6 4.Nc3 Bb4 5.Bg5 h6 6.Bh4 Bb7 7.e3 Bxc3+ 8.bxc3 d6
9.Nd2 g5 10.Bg3 Nbd7 11.a4 a5 12.f3 Qe7 13.Bd3 e5 14.e4 Nh5 15.d5 Nxg3 16.hxg3 h5
17.Nf1 Qf6 18.Ne3 Nc5 19.Ke2 Bc8 20.g4 hxg4 21.fxg4 Bd7 22.Bc2 Ke7 23.Rf1 Qg7
24.Rf3 Rh6 25.Qf1 Rah8 26.Qf2 Rf6 27.Rf5 Bxf5 28.Nxf5+ Rxf5 29.Qxf5 Qf6 30.Rf1 Qxf5
31.Rxf5 Rh2 32.Rf2 Nd7 33.Bd3 Nc5 34.Bc2 Rh4 35.g3 Rh3 36.Rf3 Nd7 37.Rd3 Rh2+
38.Kd1 Nf6 39.Rd2 Rh1+ 40.Ke2 Nxg4 41.Kf3 Nf6 42.Re2 Rf1+ 43.Kg2 Ra1 44.Kf3 Kf8
45.Ke3 Rf1 46.Kd3 Rg1 47.c5 dxc5 48.Kc4 Ne8 49.Kb5 Rxg3 50.Kc6 Rxc3 51.Kd7 g4  0-1

[Event "Wch Girls U20"]
[Site "Santiago"]
[Date "1990.??.??"]
[Round "?"]
[White "Amura, Claudia Noemi"]
[Black "Csoke, Adrienn"]
[Result "1-0"]
[WhiteElo "2285"]
[BlackElo "2125"]

1.d4 Nf6 2.Nf3 e6 3.c4 b6 4.Nc3 Bb7 5.e3 Bb4 6.Bd2 c5 7.Bd3 cxd4 8.exd4 Bxc3
9.Bxc3 d5 10.c5 O-O 11.b4 Nbd7 12.O-O Ne4 13.Bb2 f6 14.Rc1 Rc8 15.Qa4 bxc5
16.dxc5 Bc6 17.Qd1 e5 18.b5 Ba8 19.c6 Ndc5 20.Bb1 Rf7 21.a4 Qa5 22.Qxd5 Rd8
23.Qc4 Nxa4 24.Qxe4 Nxb2 25.Qxh7+ Kf8 26.Nh4  1-0

[Event "Schwaebisch Gmuend op"]
[Site "Schwaebisch Gmuend"]
[Date "1990.??.??"]
[Round "?"]
[White "Roeder, Mathias"]
[Black "Jurek, Josef"]
[Result "1/2-1/2"]
[WhiteElo "2450"]
[BlackElo "2320"]

1.d4 e6 2.c4 Nf6 3.Nf3 b6 4.Nc3 Bb7 5.a3 d5 6.cxd5 exd5 7.g3 Be7 8.Qa4+ c6
9.Bg2 O-O 10.O-O Nbd7 11.Bf4 a5 12.Rad1 b5 13.Qc2 Re8 14.Ne5 b4 15.Na4 bxa3
16.Nxc6 Bxc6 17.Qxc6 axb2 18.Nxb2 Rc8 19.Qa4 Ne4 20.Bxe4  1/2-1/2

[Event "Stockholm"]
[Site "Stockholm"]
[Date "1990.??.??"]
[Round "?"]
[White "Gausel, Einar"]
[Black "Hellers, Ferdinand"]
[Result "1/2-1/2"]
[WhiteElo "2460"]
[BlackElo "2520"]

1.d4 Nf6 2.c4 e6 3.Nf3 b6 4.Nc3 Bb7 5.a3 d5 6.Bg5 Be7 7.e3 O-O 8.Rc1 c5 9.cxd5 Nxd5
10.Bxe7 Qxe7 11.Nxd5 Bxd5 12.Bc4 Bxc4 13.Rxc4 Nd7 14.dxc5 Nxc5  1/2-1/2

[Event "Tuzla"]
[Site "Tuzla"]
[Date "1990.??.??"]
[Round "13"]
[White "Savchenko, Stanislav"]
[Black "Mujic, Hamza"]
[Result "1/2-1/2"]
[WhiteElo "2400"]
[BlackElo "2315"]

1.d4 Nf6 2.c4 e6 3.Nf3 b6 4.Nc3 Bb4 5.Bg5 h6 6.Bh4 c5 7.e3 O-O 8.Bd3 Bb7
9.O-O Bxc3 10.bxc3 d6 11.Nd2 Nbd7 12.Be2 Rc8 13.Bf3 Qc7 14.Bxb7 Qxb7 15.f3 d5
16.Qb3 Rfe8 17.Rfd1 Qc6 18.Rac1 dxc4 19.Qxc4 Nd5 20.Bf2 b5 21.Qf1 c4 22.g3 f6
23.e4 Ne7 24.Qh3 Nb6 25.Qh5 Na4 26.Rc2 Rf8 27.Be3 Qe8 28.Qxe8 Rfxe8 29.Rb1 a6
30.Nf1 Red8 31.g4 Rd7 32.Ng3 Nc6 33.Ne2 Nd8 34.h4 Nf7 35.h5 e5 36.d5 Nd6
37.Ng3  1/2-1/2